| 000 | 01001nam a2200241Ia 4500 | ||
|---|---|---|---|
| 999 |
_c40752 _d40752 |
||
| 001 | 7391 | ||
| 003 | GE_BSU | ||
| 005 | 20191224174757.0 | ||
| 008 | 181216s2013||||ge |||||||||||||| ||geo|| | ||
| 010 | _a9739941211829 | ||
| 040 | _cGE_BSU | ||
| 041 | _ageo | ||
| 080 | _a27-36+316(479.22) წ-71 | ||
| 245 |
_aწმინდა დიმიტრი ყიფიანი / _cპროექტ. რედ. თამარ მამაცაშვილი, შემდგ. სოფიო თავაძე. |
||
| 264 |
_aთბილისი : _bპალიტრა L, _c2013. |
||
| 300 |
_a135 გვ. ; _b20 სმ. |
||
| 490 |
_aსაქართველოს იმედი, _vწ.20. |
||
| 653 | _aქრისტიანობა | ||
| 653 | _aრელიგია | ||
| 700 |
_aმამაცაშვილი, თამარ _eრედაქტორი _95964 |
||
| 700 |
_aთავაძე, სოფიო _eშემდგენელი _95013 |
||
| 942 |
_cBK _2udc |
||